| 000 | 01088cam a2200265 i 4500 | ||
|---|---|---|---|
| 001 | 1300 | ||
| 005 | 20240206150437.0 | ||
| 020 | _a9781407104294 | ||
| 040 |
_aUKM _beng _cUKM _dOCLCG _dOCLCQ _dOCLCO _dOCLCF _dOCLCQ _dDLC _erda |
||
| 050 | 0 | 0 | _aDA375.D37 |
| 082 | 0 | 4 | _a941.06 |
| 100 | 1 | _aDeary, Terry | |
| 245 | 1 | 0 |
_aSlimy Stuarts _cDeary, Terry Illustrated by Brown, Martin |
| 250 | _aThis edition published in 2007 | ||
| 260 |
_bScholastic, _aLondon : _c1971 |
||
| 300 |
_a140 pages : _billustrations ; _c20 cm |
||
| 490 | 1 | _aHorrible histories | |
| 520 | _aReaders can discover all the foul facts about the SLIMY STUARTS, including why some slimy Stuarts ate toads, snails and fleas, which king picked his nose and never washed his hands and why people wore fish on their feet (bleeugh!). | ||
| 650 | 7 |
_aManners and customs. _2fast _0(OCoLC)fst01007815 |
|
| 655 | 7 |
_aHistory. _2fast _0(OCoLC)fst01411628 |
|
| 655 | 7 |
_aJuvenile works. _2fast _0(OCoLC)fst01411637 |
|
| 700 | 1 |
_aBrown, Martin _d1959- _eillustrator |
|
| 906 |
_a7 _bcbc _ccopycat _d2 _encip _f20 _gy-gencatlg |
||
| 942 |
_2ddc _cBK _n0 |
||
| 999 |
_c1300 _d1300 |
||